| 000 | 00546cam a2200193 4500 | ||
|---|---|---|---|
| 001 | D8834 | ||
| 008 | 090401t1984 xxu||||| |||| 00| 0 eng d | ||
| 035 | _a(Sirsi) u15664 | ||
| 041 | _aeng | ||
| 050 | _a692.8 | ||
| 110 |
_aSociety of Chief Quantity Surveyors in Local Government _93033 |
||
| 245 | _aAssessment of liquidated and ascertained damages on building contracts: report by a Select Working Party ... | ||
| 250 | _aRev | ||
| 260 |
_aLondon _bSCQS _c1984 |
||
| 300 | _a14p. 30cm | ||
| 350 | _a0 | ||
| 942 | _n0 | ||
| 948 | _c04/03/1997 | ||
| 999 |
_c87295 _d87295 |
||